| 000 | 00905nam a22002417a 4500 | ||
|---|---|---|---|
| 001 | BINCO | ||
| 003 | CO-MdBIC | ||
| 005 | 20220404161606.0 | ||
| 008 | 220330b ||||| |||| 00| 0 spa d | ||
| 020 | _a9788415579519 | ||
| 040 |
_aCO-MdBIC _bspa. _cCO-MdBIC _dCO-MdBIC |
||
| 041 | _aspa | ||
| 082 |
_222 _a833 _bSCH317d |
||
| 100 |
_a Scheffler, Axel _d1957 |
||
| 245 |
_aPip y Posy : _bun día en la nieve _c/ Axel Sheffler |
||
| 250 | _aprimera edición | ||
| 300 |
_a24 paginas; _bilustraciones a color: _c23 cm. |
||
| 490 | _aSerie Pip y Posy | ||
| 500 | _aA Pip y a Posy les encantan los días nevados, pero no se ponen de acuerdo en cómo ha de ser un buen muñeco de nieve. Descubre de qué modo resuelven sus diferencias en esta encantadora historia sobre aprender a convivir divirtiéndose. | ||
| 650 | _vliteratura infantil | ||
| 700 |
_aRoser Ruiz _d1964 _etraductor |
||
| 942 | _cLGB | ||
| 999 |
_c67611 _d67611 |
||